| 000 | 00493nam a2200181Ia 4500 | ||
|---|---|---|---|
| 001 | 17543 | ||
| 005 | 20260306171525.0 | ||
| 008 | 260306s9999||||xx |||||||||||||| ||und|| | ||
| 041 | _aESP | ||
| 082 |
_a658.022 _bB38 |
||
| 100 |
_aBeltrán Duque, Alejandro _eAUT |
||
| 245 | 0 |
_aMejorando la competitividad de la Pyme: _bDesarrollo y aplicación de modelos de gestión |
|
| 260 | _c2006 | ||
| 300 |
_a302 páginas : _c20 cm. |
||
| 650 | _aGEN | ||
| 654 | _aCAN | ||
| 942 |
_cLIB _dJUS _fJUS _2ddc _n |
||
| 999 |
_c17543 _d17543 |
||